<?xml version="1.0" encoding="UTF-8"?>
<record
    xmlns:xsi="http://www.w3.org/2001/XMLSchema-instance"
    xsi:schemaLocation="http://www.loc.gov/MARC21/slim http://www.loc.gov/standards/marcxml/schema/MARC21slim.xsd"
    xmlns="http://www.loc.gov/MARC21/slim">

  <leader>00561nam a22001577a 4500</leader>
  <controlfield tag="003">OSt</controlfield>
  <controlfield tag="005">20151028151809.0</controlfield>
  <controlfield tag="008">151028b        xxu||||| |||| 00| 0 eng d</controlfield>
  <datafield tag="040" ind1=" " ind2=" ">
    <subfield code="c">RUA</subfield>
  </datafield>
  <datafield tag="082" ind1=" " ind2=" ">
    <subfield code="a">ATM.Sp DYN 2003 B064 Or.1</subfield>
  </datafield>
  <datafield tag="100" ind1=" " ind2=" ">
    <subfield code="9">3040</subfield>
    <subfield code="a">DYNA, PONNRAK.</subfield>
  </datafield>
  <datafield tag="245" ind1=" " ind2=" ">
    <subfield code="a">Rubber processing at boeung kep rubber plantation, &#x1780;&#x17B6;&#x179A;&#x1780;&#x17C2;&#x1785;&#x17D2;&#x1793;&#x17C3;&#x1787;&#x17D0;&#x179A;&#x1780;&#x17C5;&#x179F;&#x17CA;&#x17BC;&#x178F;&#x17B6;&#x1798;&#x1794;&#x1785;&#x17D2;&#x1785;&#x17C1;&#x1780;&#x179C;&#x17B7;&#x1791;&#x17D2;&#x1799;&#x17B6;&#x1785;&#x17C6;&#x1780;&#x17B6;&#x179A;&#x1780;&#x17C5;&#x179F;&#x17CA;&#x17BC;&#x1794;&#x17B9;&#x1784;&#x1780;&#x17C1;&#x178F;</subfield>
  </datafield>
  <datafield tag="260" ind1=" " ind2=" ">
    <subfield code="a">Phnom Penh</subfield>
    <subfield code="b">RUA</subfield>
    <subfield code="c">2003</subfield>
  </datafield>
  <datafield tag="300" ind1=" " ind2=" ">
    <subfield code="a">61p.</subfield>
    <subfield code="b">ill.</subfield>
    <subfield code="c">29cm.</subfield>
  </datafield>
  <datafield tag="942" ind1=" " ind2=" ">
    <subfield code="2">ddc</subfield>
    <subfield code="c">ATMSP</subfield>
  </datafield>
  <datafield tag="999" ind1=" " ind2=" ">
    <subfield code="c">2834</subfield>
    <subfield code="d">2834</subfield>
  </datafield>
  <datafield tag="952" ind1=" " ind2=" ">
    <subfield code="0">0</subfield>
    <subfield code="1">0</subfield>
    <subfield code="2">ddc</subfield>
    <subfield code="4">0</subfield>
    <subfield code="6">ATM__SP_DYN_2003_000000000000000_B064_OR_1</subfield>
    <subfield code="7">0</subfield>
    <subfield code="9">13804</subfield>
    <subfield code="a">LBB</subfield>
    <subfield code="b">LBB</subfield>
    <subfield code="c">B064</subfield>
    <subfield code="d">2015-10-28</subfield>
    <subfield code="l">2</subfield>
    <subfield code="o">ATM.Sp DYN 2003 B064 Or.1</subfield>
    <subfield code="p">RUA001651</subfield>
    <subfield code="r">2016-09-02</subfield>
    <subfield code="s">2016-08-22</subfield>
    <subfield code="w">2015-10-28</subfield>
    <subfield code="y">ATMSP</subfield>
  </datafield>
  <datafield tag="952" ind1=" " ind2=" ">
    <subfield code="0">0</subfield>
    <subfield code="1">0</subfield>
    <subfield code="2">ddc</subfield>
    <subfield code="4">0</subfield>
    <subfield code="6">ATM__SP_DYN_2003_000000000000000_B064_OR_2</subfield>
    <subfield code="7">0</subfield>
    <subfield code="9">13805</subfield>
    <subfield code="a">LBB</subfield>
    <subfield code="b">LBB</subfield>
    <subfield code="c">B064</subfield>
    <subfield code="d">2015-10-28</subfield>
    <subfield code="o">ATM.Sp DYN 2003 B064 Or.2</subfield>
    <subfield code="p">RUA001874</subfield>
    <subfield code="r">2015-10-28</subfield>
    <subfield code="w">2015-10-28</subfield>
    <subfield code="y">ATMSP</subfield>
  </datafield>
  <datafield tag="952" ind1=" " ind2=" ">
    <subfield code="0">0</subfield>
    <subfield code="1">0</subfield>
    <subfield code="2">ddc</subfield>
    <subfield code="4">0</subfield>
    <subfield code="6">ATM__SP_DYN_2003_000000000000000_B064_OR_3</subfield>
    <subfield code="7">0</subfield>
    <subfield code="9">13806</subfield>
    <subfield code="a">LBB</subfield>
    <subfield code="b">LBB</subfield>
    <subfield code="c">B064</subfield>
    <subfield code="d">2015-10-28</subfield>
    <subfield code="o">ATM.Sp DYN 2003 B064 Or.3</subfield>
    <subfield code="p">RUA001723</subfield>
    <subfield code="r">2015-10-28</subfield>
    <subfield code="w">2015-10-28</subfield>
    <subfield code="y">ATMSP</subfield>
  </datafield>
  <datafield tag="952" ind1=" " ind2=" ">
    <subfield code="0">0</subfield>
    <subfield code="1">0</subfield>
    <subfield code="2">ddc</subfield>
    <subfield code="4">0</subfield>
    <subfield code="6">ATM__SP_DYN_2003_000000000000000_B064_OR_5</subfield>
    <subfield code="7">0</subfield>
    <subfield code="9">13807</subfield>
    <subfield code="a">LBB</subfield>
    <subfield code="b">LBB</subfield>
    <subfield code="c">B064</subfield>
    <subfield code="d">2015-10-28</subfield>
    <subfield code="o">ATM.Sp DYN 2003 B064 Or.5</subfield>
    <subfield code="p">RUA001939</subfield>
    <subfield code="r">2015-10-28</subfield>
    <subfield code="w">2015-10-28</subfield>
    <subfield code="y">ATMSP</subfield>
  </datafield>
  <datafield tag="952" ind1=" " ind2=" ">
    <subfield code="0">0</subfield>
    <subfield code="1">0</subfield>
    <subfield code="2">ddc</subfield>
    <subfield code="4">0</subfield>
    <subfield code="6">ATM__SP_DYN_2003_000000000000000_B064_OR_6</subfield>
    <subfield code="7">0</subfield>
    <subfield code="9">36295</subfield>
    <subfield code="a">LBB</subfield>
    <subfield code="b">LBB</subfield>
    <subfield code="c">B064</subfield>
    <subfield code="d">2016-01-25</subfield>
    <subfield code="o">ATM.Sp DYN 2003 B064 Or.6</subfield>
    <subfield code="p">RUA047814</subfield>
    <subfield code="r">2016-01-25</subfield>
    <subfield code="w">2016-01-25</subfield>
    <subfield code="y">ATMSP</subfield>
  </datafield>
</record>
